Guess the F1 Driver by 2023 Stats - Statistics

General Stats
  • This quiz has been taken 19 times
  • The average score is 7 of 10
Answer Stats
Hint Answer % Correct
Only teammate to beat Verstappen in qualifying Sergio Perez
100%
Beat teammate 20‑2 in qualifying (Red Bull) Max Verstappen
89%
Scored Alpine's first podium since 2021 Esteban Ocon
83%
Second Grand Prix win in Singapore Carlos Sainz
78%
Most podiums without a win in 2023 Lando Norris
78%
Replaced De Vries mid‑season Daniel Ricciardo
56%
Re‑joined F1 in 2023 after skipping season Nico Hulkenberg
56%
Slowest pit stop (52.4s) Valtteri Bottas
50%
Most track limit violations Alexander Albon
39%
Tied with Esteban Ocon for the most DNFs (7) Logan Sargeant
33%
No matching quizzes found
Score Distribution
Percent of People with Each Score
Percentile by Number Answered
Your Score History
You have not taken this quiz